000 00565nam a2200229Ia 4500
001 17339
003 GE_BSU
008 181216s||||||||xx |||||||||||||| ||und||
020 _a9783929526882
040 _cGE_BSU
080 _a811.112=111=133.1=134.2
100 _aBuscha, Anne
245 _aBegegnungen. Deutsch als fremdsprache. A1+
245 _bGlossar Englisch-franzosisch- Spanisch
260 _aLeipzig
260 _c2007
300 _a135p.
541 _h6 Gel.
653 _aBegegnungen.
653 _aDeutsch als fremdsprache. A1+
942 _cBK
999 _c50396
_d50396